00000000nam##2200000za#4500
0019.681039
003CaOODSP
00520200330065653
007ta
008150407|2000||||xxc|||||     f|0| 0 fre|d
020 |a0-662-84361-4
040 |aCaOODSP|bfre
043 |an-cn---
0861 |aH39-522/2000F
1101 |aCanada.|bSanté Canada. |bDirection générale de la promotion et des programmes de la santé.
24510|aHépatite C: mise à jour de l'information médicale : |btransmission; diagnostic; prise en charge clinique; traitement / |cPublié conjointement par la Fondation canadienne du foie.
260 |aOttawa - Ontario : |bSanté Canada. |c2000.
300 |a9p. : |bill., tableaux ; |c28 cm.
504 |aBibliographie.
563 |aCouverture souple
590 |a00-20|b2000-05-19
590 |a00-23|b2000-06-09
69107|aHépatite|2gcpds
69107|aSoins de santé|2gcpds
77508|tHepatitis C: medical information update : |w(CaOODSP)9.647636
7760#|tHépatite C : |w(CaOODSP)9.639972